000 00614 a2200193 4500
001 135087
020 _a978-85-224-3889-1
040 _cLeonardo Da Vinci
041 _aPortuguês
082 _a658.3 L714q
_bL714q
100 _aLIMONGI-FRANÇA, Ana Cristina
245 _aQualidade de vida no trabalho - QVT
_bconceitos e práticas nas empresas da sociedade pós-industrial
250 _a2.ed
260 _bAtlas
_c2008
_aSão Paulo
300 _a217
362 _a20080000
697 _aAdministração
_aAdministração de pessoal
_aRecursos humanos
_aQualidade de vida
_aTrabalho
_aFIPEN
_aTGRH
942 _cBK
999 _c135087
_d135087